|
|
|
|
| LEADER |
00000cam a2200000 4500 |
| 001 |
vtls011896396 |
| 003 |
SK-MaSNL |
| 005 |
20260426000727.0 |
| 008 |
210906s2019 xo o grf 000 0 slo |
| 015 |
|
|
|a SNBA2020/02
|
| 020 |
|
|
|a 9788055168524
|q (viazané)
|
| 035 |
|
|
|a urn:nbn:sk:snk-am00fi8c
|
| 035 |
|
|
|a urn:nbn:sk:snk-am3iukk
|
| 035 |
|
|
|a 63CAB41D-ABEF-4E3C-9DC2-9B58CC98FC1D
|
| 040 |
|
|
|a SNK
|b slo
|c SNK
|e rda
|
| 041 |
0 |
|
|a slo
|
| 043 |
|
|
|a e-xo---
|
| 044 |
|
|
|a xo
|c SK
|
| 072 |
|
7 |
|a 72
|x Architektúra
|2 konspekt
|
| 072 |
|
7 |
|a 904
|x Kultúrne pamiatky historického obdobia všeobecne
|2 konspekt
|
| 080 |
|
|
|a 913:338.483.1
|2 2011
|
| 080 |
|
|
|a 904
|2 2011
|
| 080 |
|
|
|a 728.82
|2 2011
|
| 080 |
|
|
|a 728.81
|2 2011
|
| 080 |
|
|
|a 728.83
|2 2011
|
| 080 |
|
|
|a 623.1
|2 2011
|
| 080 |
|
|
|a (437.6)
|2 2011
|
| 080 |
|
|
|a (084.12)
|2 2011
|
| 080 |
|
|
|a (036)913
|2 2011
|
| 100 |
1 |
|
|a Lacika, Ján,
|d 1956-
|4 aut
|4 pht
|9 101502
|
| 245 |
1 |
0 |
|a 707 slovenských hradov, zámkov, kaštieľov, panských sídiel a pevností
|c Ján Lacika
|
| 246 |
3 |
0 |
|a Sedemstosedem slovenských hradov, zámkov, kaštieľov, panských sídiel a pevností
|
| 250 |
|
|
|a Druhé, doplnené a aktualizované vydanie
|
| 264 |
|
1 |
|a Bratislava
|b Ikar, a.s. - Príroda
|c 2019
|
| 300 |
|
|
|a 392 strán
|b farebné fotografie
|c 31 cm
|
| 336 |
|
|
|a text
|b txt
|2 rdacontent
|
| 336 |
|
|
|a statický obraz
|b sti
|2 rdacontent
|
| 337 |
|
|
|a bez média
|b n
|2 rdamedia
|
| 338 |
|
|
|a zväzok
|b nc
|2 rdacarrier
|
| 650 |
0 |
7 |
|a turistické zaujímavosti
|2 SNKPH
|9 73869
|
| 650 |
0 |
7 |
|a kultúrne pamiatky
|2 SNKPH
|9 2862
|
| 650 |
0 |
7 |
|a zámky
|2 SNKPH
|9 3041
|
| 650 |
0 |
7 |
|a hrady
|2 SNKPH
|9 3039
|
| 650 |
0 |
7 |
|a kaštiele
|2 SNKPH
|9 28599
|
| 650 |
0 |
7 |
|a panské sídla
|2 SNKPH
|9 51475
|
| 650 |
0 |
7 |
|a pevnosti
|2 SNKPH
|9 2991
|
| 650 |
0 |
7 |
|a Tourist sights
|2 SNKPHeng
|9 296885
|
| 650 |
0 |
7 |
|a Cultural monuments
|2 SNKPHeng
|9 266481
|
| 650 |
0 |
7 |
|a Chateaux
|2 SNKPHeng
|9 311377
|
| 650 |
0 |
7 |
|a Castles
|2 SNKPHeng
|9 265903
|
| 650 |
0 |
7 |
|a Manors
|2 SNKPHeng
|9 426390
|
| 650 |
0 |
7 |
|a Fortresses
|2 SNKPHeng
|9 339455
|
| 651 |
|
7 |
|a Slovensko
|2 SNKPHgeo
|9 14231
|
| 651 |
|
7 |
|a Slovakia
|2 SNKPHeng
|9 92630
|
| 655 |
|
7 |
|a fotografické publikácie
|2 SNKPH
|9 70483
|
| 655 |
|
7 |
|a Photographic publication
|2 SNKNBeng
|9 266858
|
| 655 |
|
7 |
|a turistickí sprievodcovia (publikácie)
|2 SNKPH
|9 191298
|
| 655 |
|
7 |
|a Tourist guidebooks
|2 SNKPHeng
|9 291226
|
| 919 |
|
|
|a 978-80-551-6852-4
|
| 999 |
|
|
|c 863602
|d 865532
|
| 952 |
|
|
|a SNK
|b SNK
|y PREZ
|7 0
|p 17A1414646
|o snkSB 95126
|i snk2020/1822
|8 0
|0 0
|1 0
|4 0
|d 2020-01-28
|f 1
|l 0
|r 2025-05-15 00:00:00
|w 2026-02-24
|
| 952 |
|
|
|a SNK
|b SNK
|y VYP
|7 0
|p 17A1414647
|o snkSB 95126 D1
|i snk2020/1823
|8 0
|0 0
|1 0
|4 0
|d 2020-01-28
|l 0
|r 2026-02-24 05:19:17
|w 2026-02-24
|